Normal view
MARC view
- Bradford, Rex.E
Entry Personal Name
001 - CONTROL NUMBER
- control field: 67520
003 - CONTROL NUMBER IDENTIFIER
- control field: NUST
005 - DATE AND TIME OF LATEST TRANSACTION
- control field: 20210628203835.0
008 - FIXED-LENGTH DATA ELEMENTS
- fixed length control field: 210628|| aca||aabn | a|a d
040 ## - CATALOGING SOURCE
- Original cataloging agency: NUST
- Transcribing agency: NUST
100 ## - HEADING--PERSONAL NAME
- Personal name: Bradford, Rex.E
670 ## - SOURCE DATA FOUND
- Source citation: Work cat.: (NUST): Bradford, Rex.E, Real time animation , toolkit in c plus plus, 1995
